| 000 | 01154nam a2200241Ia 4500 | ||
|---|---|---|---|
| 999 |
_c34676 _d34676 |
||
| 001 | 460 | ||
| 003 | GE_BSU | ||
| 005 | 20210222133248.0 | ||
| 008 | 181216s2008||||ge |||||||||||||| ||geo|| | ||
| 020 | _a9994016148 | ||
| 040 | _cGE_BSU | ||
| 041 | _ageo | ||
| 080 | _a321.01(5–011)+911.3:32(5–011)+330.15(5–011) გ–23 | ||
| 100 |
_aგაჩეჩილაძე, ანა _910186 |
||
| 245 |
_aახლო აღმოსავლეთი : _bსივრცე,ხალხი და პოლიტიკა / _cგაჩეჩილაძე, ანა; რედ. ჭაბაშვილი ანა. |
||
| 250 | _aპირველი გამოცემა | ||
| 264 |
_aთბილისი : _bდიოგენე, _c2008. |
||
| 300 | _a407 გვ. | ||
| 653 | _aახლო და შუა აღმოსავლეთის პოლიტიკური გეოგრაფია | ||
| 653 | _a ახლო აღმოსავლეთის ბუნებრივი რესურსები | ||
| 700 |
_aჭაბაშვილი, ანა _eრედაქტორი _9995 |
||
| 942 |
_cBK _2udc |
||